00606nam a2200193Ia 4500008004100000082001300041100001700054245001900071250000800090260002500098300001200123500002400135650001200159700001700171942000700188952010000195952010000295999001700395230524s9999 xx 000 0 und d a420bKUM aV.Sasi Kumar 0aSpoken English a1ST aNEW DELHIbTMHc2005 aXII;201 aQuantity Number: 2 aEnglish a P.V.Dhamija cBK 00104070aTATCLbTATCLcGENd2023-05-24l0o420 KUMp8871r2023-05-24w2023-05-24yBKzHM3101 00104070aTATCLbTATCLcGENd2023-05-24l0o420 KUMp8872r2023-05-24w2023-05-24yBKzHM3101 c31698d31698